[Event "CZE-ch Open 2019"]
[Site "Ostrava"]
[Date "2019.05.05"]
[Round "9.18"]
[White "Jedlicka, Ales"]
[Black "Sramek, Vojtech"]
[Result "1-0"]
[WhiteElo "2236"]
[BlackElo "2304"]
[Annotator "NA"]
[PlyCount "111"]
[EventDate "2019.04.27"]
[EventType "swiss"]
[EventCountry "CZE"]
[SourceTitle "playchess.com"]
[Source "ChessBase"]
[SourceQuality "1"]
[TimeControl "40/5400+30:1800+30"]

1. d4 {[%emt 0:00:00]} Nf6 {[%emt 0:00:00]} 2. c4 {[%emt 0:00:10]} e5 {[%emt 0:00:00]} 3. dxe5 {[%emt 0:00:27]} Ng4 {[%emt 0:00:00]} 4. Bf4 {[%emt 0:00:20]} g5 {[%emt 0:00:00]} 5. Bg3 {[%emt 0:00:43]} Nc6 {[%emt 0:00:21]} 6. Nf3 {[%emt 0:00:38]} Bg7 {[%emt 0:00:05]} 7. Nc3 {[%emt 0:00:56]} Ngxe5 {[%emt 0:00:14]} 8. Nxe5 {[%emt 0:00:15]} Nxe5 {[%emt 0:00:25]} 9. e3 {[%emt 0:00:42]} d6 {[%emt 0:05:27]} 10. h4 {[%emt 0:02:19] A52: Budapest Gambit} g4 {[%emt 0:00:58]} 11. Rc1 {[%emt 0:02:29]} (11. Be2 Be6 12. Rc1 O-O 13. b3 c6 14. h5 f5 15. h6 {0-1 (27) Wojtaszek,R (2711)-Jobava,B (2710) Wijk aan Zee 2014}) 11... Be6 {[%emt 0:05:40]} 12. h5 {[%emt 0:01:34]} h6 {[%emt 0:01:44]} 13. Be2 {[%emt 0:06:23]} Qd7 {[%emt 0:05:52]} 14. Rh4 $146 {[%emt 0:10:51]} ({Predecessor:} 14. b3 O-O-O 15. Nd5 f5 16. Nf4 Bf7 17. Qd2 Kb8 {0-1 (33) Barseghyan,H (2467)-Zwardon,V (2412) chess.com INT 2018}) 14... f5 {[%emt 0:11:51]} 15. Nd5 {[%emt 0:03:15]} O-O-O {[%emt 0:03:37]} 16. Rh2 {[%emt 0:09:32]} Rhf8 {[%emt 0:10:29]} 17. Qb3 {[%emt 0:05:50]} Kb8 {[%emt 0:05:31]} 18. f3 {[%emt 0:06:33]} (18. Nf4 $15) 18... Rde8 {[%emt 0:06:07]} 19. Rd1 {[%emt 0:03:20]} gxf3 {[%emt 0:08:46]} 20. gxf3 {[%emt 0:00:26]} Bxd5 {[%emt 0:01:14]} 21. cxd5 {[%emt 0:01:58]} Nxf3+ {[%emt 0:01:04]} 22. Bxf3 {[%emt 0:00:45]} f4 {[%emt 0:00:10]} 23. Bxf4 {[%emt 0:06:02]} Rxf4 {[%emt 0:00:18]} 24. Be2 {[%emt 0:04:49]} Rfe4 {[%emt 0:02:10]} 25. Rd3 {[%emt 0:01:09]} Be5 {[%emt 0:02:17]} 26. Rg2 {[%emt 0:00:46]} Qh3 {[%emt 0:06:07]} 27. Rg1 {[%emt 0:12:27]} Qh4+ {[%emt 0:02:13]} 28. Kd1 {[%emt 0:00:21]} Rb4 {[%emt 0:00:24]} 29. Qa3 {[%emt 0:00:53]} Rxb2 {[%emt 0:00:36]} 30. Rb3 {[%emt 0:03:31]} Rxe2 {[%emt 0:02:46] [#]} 31. Qa6 $1 {[%emt 0:00:41] [#]} Rd2+ $1 {[%emt 0:04:01] Decoy} 32. Kxd2 {[%emt 0:01:02]} Qf2+ {[%emt 0:03:09]} 33. Kd3 {[%emt 0:01:15]} Qf5+ {[%emt 0:00:24]} 34. Kd2 {[%emt 0:02:37]} Qf2+ {[%emt 0:02:14]} 35. Kd3 {[%emt 0:00:13]} Qf5+ {[%emt 0:02:12]} 36. Kd2 {[%emt 0:00:40]} Bc3+ {[%emt 0:01:17]} 37. Kc1 {[%emt 0:01:37]} Qxd5 {[%emt 0:02:30]} 38. Qb5 {[%emt 0:03:02]} Bd2+ {[%emt 0:02:42] [#]} 39. Kc2 $1 {[%emt 0:02:06]} Qxb5 {[%emt 0:02:09]} 40. Rxb5 {[%emt 0:00:11]} c6 {[%emt 0:02:11]} 41. Rb3 {[%emt 0:31:00]} Ba5 {[%emt 0:04:22]} 42. Rg6 {[%emt 0:00:00] Double Attack} Bd8 $2 {[%emt 0:07:04]} (42... c5 $16 43. Rxh6 (43. Rxd6 c4 $16) 43... c4) 43. Rxh6 {[%emt 0:00:00]} Bg5 {[%emt 0:00:15]} 44. Rxd6 {[%emt 0:00:00]} Rh8 $18 {[%emt 0:01:43]} 45. Rg6 {[%emt 0:00:00]} Rxh5 {[%emt 0:00:55]} 46. Kd3 {[%emt 0:00:00]} Bh6 {[%emt 0:06:39]} 47. Rg8+ {[%emt 0:00:00]} Kc7 {[%emt 0:00:04]} 48. Rh8 {[%emt 0:00:00]} Rh3 {[%emt 0:02:27]} 49. Ke4 {[%emt 0:00:00]} Kd6 {[%emt 0:01:54]} 50. Kf5 {[%emt 0:00:00]} Rf3+ {[%emt 0:00:33]} 51. Kg4 {[%emt 0:00:41]} Rf6 {[%emt 0:00:20]} 52. Kh5 {[%emt 0:01:00]} Bf8 {[%emt 0:01:16]} 53. Rxb7 {[%emt 0:01:06]} Rf2 {[%emt 0:01:38]} 54. Kg4 {[%emt 0:00:26]} Bg7 {[%emt 0:01:09]} 55. Rd8+ {[%emt 0:00:53]} Ke6 {[%emt 0:00:17]} 56. Kg3 {[%emt 0:00:27] Kd5} 1-0

[Event "CZE-ch Open 2019"]
[Site "Ostrava"]
[Date "2019.05.05"]
[Round "9.19"]
[White "Malik, Jan"]
[Black "Taus, Martin"]
[Result "1/2-1/2"]
[WhiteElo "2286"]
[BlackElo "2104"]
[Annotator "NA RC"]
[PlyCount "72"]
[EventDate "2019.04.27"]
[EventType "swiss"]
[EventCountry "CZE"]
[SourceTitle "playchess.com"]
[Source "ChessBase"]
[SourceQuality "1"]
[TimeControl "40/5400+30:1800+30"]

1. e4 {[%emt 0:00:00]} e6 {[%emt 0:00:32]} 2. d4 {[%emt 0:00:00]} d5 {[%emt 0:00:03]} 3. Nd2 {[%emt 0:00:00]} Nc6 {[%emt 0:02:03]} 4. Ngf3 {[%emt 0:00:00]} Nf6 {[%emt 0:01:32]} 5. e5 {[%emt 0:00:00]} Ne4 {[%emt 0:03:47]} 6. Bd3 {[%emt 0:01:41] C04: French Tarrasch: 3...Nc6} f5 {[%emt 0:00:10] [#]} 7. exf6 $1 {[%emt 0:00:15]} Nxf6 {[%emt 0:00:08]} 8. O-O {[%emt 0:01:49]} Bd6 {[%emt 0:19:44]} 9. c4 {[%emt 0:00:06]} (9. Re1 O-O 10. c3 Nh5 11. Nf1 Nf4 12. Bxf4 Rxf4 13. Ne3 Bd7 14. g3 {1-0 (66) Balogh,C (2621)-Balog,I (2548) Slovakia 2017}) 9... O-O {[%emt 0:01:25]} 10. c5 {[%emt 0:00:23]} Bf4 {[%emt 0:18:41]} 11. g3 $146 {[%emt 0:03:41]} ({Predecessor:} 11. Nb3 $14 Bxc1 (11... e5 12. dxe5 Bxe5 13. h3 Ne4 14. Nxe5 Nxe5 15. Bxe4 dxe4 16. Qxd8 Rxd8 {½-½ (49) Cucancic,S (2257)-Tomic,B (2092) Rijeka 2008}) 12. Rxc1 (12. Qxc1 Nh5 $14)) 11... e5 {[%emt 0:06:38]} 12. Nxe5 {[%emt 0:01:20]} Bxe5 {[%emt 0:04:10]} 13. dxe5 {[%emt 0:00:02]} Nxe5 {[%emt 0:00:29]} 14. Be2 {[%emt 0:01:50]} Bh3 {[%emt 0:08:05]} 15. Re1 {[%emt 0:00:01]} Nfg4 {[%emt 0:00:38]} 16. f4 {[%emt 0:01:03]} Ne3 {[%emt 0:13:49]} (16... Qe7 $1 $11 {keeps the balance.} 17. b4 Rae8) 17. Qb3 {[%emt 0:00:16]} N5g4 {[%emt 0:04:58]} (17... N5c4 $16) 18. Nf3 {[%emt 0:01:34]} Qe7 {[%emt 0:05:27] [#]} (18... Ng2 $16 19. Rd1 c6) 19. Ng5 $2 {[%emt 0:04:41]} ({White has to play} 19. Bb5 $1 $18) 19... Qxc5 {[%emt 0:01:14]} 20. Bxe3 {[%emt 0:06:28]} Nxe3 {[%emt 0:00:06]} 21. Nxh3 {[%emt 0:00:36]} Nc2+ {[%emt 0:00:28]} 22. Nf2 {[%emt 0:00:58]} Nxe1 {[%emt 0:00:39]} 23. Rxe1 {[%emt 0:00:02]} Rae8 {[%emt 0:00:11]} 24. Kg2 {[%emt 0:03:37]} Re3 {[%emt 0:00:33]} 25. Nd3 {[%emt 0:00:52]} Qd4 {[%emt 0:00:23]} 26. Qxb7 {[%emt 0:14:17]} Rfe8 {[%emt 0:00:40]} 27. Ne5 {[%emt 0:02:17]} Qd2 {[%emt 0:02:25]} 28. Qb5 {[%emt 0:04:54]} c6 {[%emt 0:00:06]} 29. Qxc6 {[%emt 0:00:34]} Rxe2+ {[%emt 0:00:14]} 30. Rxe2 $11 {[%emt 0:00:11]} Qxe2+ {[%emt 0:00:04]} 31. Kh3 {[%emt 0:00:27]} Qh5+ {[%emt 0:01:25]} 32. Kg2 {[%emt 0:00:01]} Qe2+ {[%emt 0:01:52]} 33. Kh3 {[%emt 0:00:26]} Qh5+ {[%emt 0:00:07]} 34. Kg2 {[%emt 0:00:05]} Qe2+ {[%emt 0:02:15]} 35. Kh3 {[%emt 0:00:06]} Qh5+ {[%emt 0:00:05]} 36. Kg2 {[%emt 0:00:04]} Qe2+ 1/2-1/2

[Event "CZE-ch Open 2019"]
[Site "Ostrava"]
[Date "2019.05.05"]
[Round "9.20"]
[White "Kanakova, Natalie"]
[Black "Vokac, Marek"]
[Result "1/2-1/2"]
[WhiteElo "2202"]
[BlackElo "2343"]
[Annotator "NA RC"]
[PlyCount "60"]
[EventDate "2019.04.27"]
[EventType "swiss"]
[EventCountry "CZE"]
[SourceTitle "playchess.com"]
[Source "ChessBase"]
[SourceQuality "1"]
[TimeControl "40/5400+30:1800+30"]

1. Nf3 {[%emt 0:00:00]} g6 {[%emt 0:02:15]} 2. e4 {[%emt 0:00:10]} Bg7 {[%emt 0:00:04]} 3. d4 {[%emt 0:00:06]} c6 {[%emt 0:00:04]} 4. h3 {[%emt 0:00:42]} d6 {[%emt 0:00:12]} 5. Bc4 {[%emt 0:01:03]} (5. c4 Nf6 6. Nc3 O-O 7. Be3 a6 8. a4 a5 9. Be2 Na6 10. O-O Nd7 11. Qd2 Re8 12. Rad1 e5 13. d5 Bf8 14. Ne1 Nac5 15. Qc2 Qb6 16. Nd3 Qb3 17. Qd2 Nxd3 18. Bxd3 Nc5 {1-0 (62) Nihal,S (2576)-Novikov,S (2540) St Petersburg 2018}) 5... d5 {[%emt 0:00:11]} 6. Bb3 {[%emt 0:00:44] B06: Modern Defence} dxe4 {[%emt 0:05:19]} 7. Ng5 {[%emt 0:00:39]} Nh6 {[%emt 0:00:04]} 8. c3 $146 {[%emt 0:00:43]} ({Predecessor:} 8. Nxe4 Nf5 9. c3 O-O 10. O-O Na6 11. Bf4 Nc7 12. Nbd2 Nd5 {1-0 (42) Verges,J (1940)-Jelen,P (2150) Oravska Priehrada 2015}) 8... O-O {[%emt 0:00:24]} 9. O-O {[%emt 0:02:54]} Nd7 {[%emt 0:01:54]} 10. Nxe4 {[%emt 0:06:16]} Nf5 {[%emt 0:07:17]} 11. Nbd2 {[%emt 0:02:35]} e5 {[%emt 0:01:54]} 12. dxe5 {[%emt 0:04:29]} Nxe5 {[%emt 0:00:07]} 13. Nc4 {[%emt 0:01:17]} Qxd1 {[%emt 0:16:22]} 14. Rxd1 {[%emt 0:00:13]} Nxc4 {[%emt 0:00:11]} 15. Bxc4 {[%emt 0:00:04]} h6 {[%emt 0:00:09]} 16. Bf4 {[%emt 0:17:44]} Re8 {[%emt 0:13:56]} 17. Re1 {[%emt 0:02:42]} Be6 {[%emt 0:00:50]} 18. Nd6 {[%emt 0:11:55]} Nxd6 {[%emt 0:01:21]} 19. Bxe6 {[%emt 0:00:04]} Rxe6 {[%emt 0:00:10]} 20. Rxe6 {[%emt 0:00:07]} fxe6 {[%emt 0:00:09]} 21. Bxd6 {[%emt 0:00:06]} Rd8 {[%emt 0:00:08]} 22. Bf4 {[%emt 0:00:27]} Kf7 {[%emt 0:02:12]} 23. Kf1 {[%emt 0:00:53]} Rd5 {[%emt 0:00:15]} 24. a4 {[%emt 0:03:06]} Ra5 {[%emt 0:04:21]} 25. Bd2 {[%emt 0:10:22]} b5 {[%emt 0:10:12]} 26. b3 {[%emt 0:00:45]} Ra6 {[%emt 0:01:15]} 27. Ke2 {[%emt 0:02:21]} c5 {[%emt 0:00:36]} 28. Kd3 {[%emt 0:03:42]} c4+ {[%emt 0:10:14]} 29. Kc2 $11 {[%emt 0:01:54]} Ke8 {[%emt 0:04:18]} 30. Kb2 {[%emt 0:08:09]} Rd6 {[%emt 0:07:42]} 1/2-1/2

[Event "CZE-ch Open 2019"]
[Site "Ostrava"]
[Date "2019.05.05"]
[Round "9.21"]
[White "Vesselovsky, Serguei"]
[Black "Koubova, Anna Marie"]
[Result "1/2-1/2"]
[WhiteElo "2335"]
[BlackElo "2005"]
[Annotator "NA"]
[PlyCount "152"]
[EventDate "2019.04.27"]
[EventType "swiss"]
[EventCountry "CZE"]
[SourceTitle "playchess.com"]
[Source "ChessBase"]
[SourceQuality "1"]
[TimeControl "40/5400+30:1800+30"]

1. Nf3 {[%emt 0:00:00]} Nf6 {[%emt 0:00:00]} 2. c4 {[%emt 0:00:06]} g6 {[%emt 0:00:48]} 3. Nc3 {[%emt 0:00:22]} Bg7 {[%emt 0:01:14]} 4. e4 {[%emt 0:07:17]} d6 {[%emt 0:00:26]} 5. d4 {[%emt 0:00:47]} O-O {[%emt 0:00:36]} 6. h3 {[%emt 0:01:10]} e5 {[%emt 0:13:01]} 7. d5 {[%emt 0:00:17]} Nbd7 {[%emt 0:02:04]} 8. Bg5 {[%emt 0:02:56]} a5 {[%emt 0:01:59]} 9. g4 {[%emt 0:05:31]} Nc5 {[%emt 0:03:45]} 10. Nd2 {[%emt 0:01:27]} c6 {[%emt 0:02:38]} 11. Be2 {[%emt 0:06:28]} Bd7 {[%emt 0:03:31] E92: King's Indian: Classical: 6 Be2 e5: 7 dxe5, 7 Be3 and Petrosian System without 7...Nbd7} 12. h4 {[%emt 0:15:54]} cxd5 {[%emt 0:12:35]} (12... a4 13. a3 Qa5 14. Kf1 cxd5 15. cxd5 b5 16. Be3 Rab8 17. h5 b4 18. axb4 Rxb4 19. Bxc5 Qxc5 {0-1 (27) Grischuk,A (2792)-Morozevich,A (2731) Dubai 2014}) 13. Nxd5 {[%emt 0:01:42]} (13. exd5 $11 Qb6 14. Nb3) 13... Bc6 {[%emt 0:00:26]} 14. h5 {[%emt 0:14:20]} Bxd5 {[%emt 0:03:17]} 15. exd5 $146 {[%emt 0:01:35]} ({Predecessor:} 15. cxd5 Qb6 16. Nc4 Qc7 17. f3 a4 18. Kf1 b5 {½-½ (37) Bartkowiak,D (2152)-Myzyk,J (2075) Poronin 2013}) 15... Qb6 {[%emt 0:01:50]} 16. Qc2 {[%emt 0:02:05]} Nfd7 {[%emt 0:12:22]} 17. Be3 {[%emt 0:06:55]} Rfe8 {[%emt 0:08:16]} 18. Rb1 {[%emt 0:07:30]} Qc7 {[%emt 0:04:27]} 19. b3 {[%emt 0:02:05]} Rf8 {[%emt 0:01:33]} 20. a3 {[%emt 0:02:08]} Nb6 {[%emt 0:05:05]} 21. Kf1 {[%emt 0:03:47]} Ncd7 {[%emt 0:02:26]} 22. Rc1 {[%emt 0:06:33]} Rac8 {[%emt 0:00:21]} 23. Bd3 {[%emt 0:02:53]} Nf6 {[%emt 0:02:49]} 24. f3 {[%emt 0:01:26]} e4 {[%emt 0:04:10]} 25. Nxe4 {[%emt 0:01:14]} Nxe4 {[%emt 0:00:05]} 26. Bxe4 {[%emt 0:00:32]} Rfe8 $2 {[%emt 0:00:26]} (26... Nd7 $16 27. Qh2 (27. hxg6 fxg6 28. Kg2 Nf6 $16) 27... Nf6) 27. Bf2 $2 {[%emt 0:00:51]} (27. Qh2 $18) 27... Nd7 {[%emt 0:00:59]} (27... a4 $14) 28. Kg2 {[%emt 0:01:01]} Nf6 {[%emt 0:00:46]} 29. hxg6 {[%emt 0:01:16]} fxg6 {[%emt 0:01:06]} 30. Rhe1 {[%emt 0:00:40]} Nxe4 {[%emt 0:07:36]} (30... a4 $16) 31. Rxe4 {[%emt 0:00:07]} ({Weaker is} 31. fxe4 Rf8 $14) 31... Qf7 {[%emt 0:00:17]} 32. Rce1 {[%emt 0:01:45]} Be5 {[%emt 0:01:12]} 33. Qe2 {[%emt 0:01:38]} Rf8 {[%emt 0:00:43]} 34. Bg3 {[%emt 0:00:32]} Bxg3 {[%emt 0:02:55]} 35. Kxg3 {[%emt 0:00:03]} b5 {[%emt 0:00:32]} 36. Kg2 {[%emt 0:01:49]} ({White should play} 36. cxb5 $18 Qxd5 37. Re3) 36... a4 {[%emt 0:00:58]} 37. Re7 {[%emt 0:00:40]} ({Much weaker is} 37. cxb5 $6 axb3 38. Qd3 (38. Re7 Qf4 $11) 38... Qf6 $14) 37... Qf6 {[%emt 0:00:32]} 38. bxa4 {[%emt 0:01:00]} ({But not} 38. cxb5 axb3 39. Qe6+ Qxe6 $14) 38... bxc4 {[%emt 0:00:20]} 39. Qe6+ {[%emt 0:00:34]} Qxe6 {[%emt 0:00:11]} 40. R7xe6 {[%emt 0:00:30]} Rfd8 {[%emt 0:00:45]} 41. Rc1 {[%emt 0:04:57]} Rc5 {[%emt 0:03:25]} 42. Rc3 {[%emt 0:02:24]} Rxd5 {[%emt 0:03:41]} 43. Rxc4 {[%emt 0:00:19]} Rd3 $16 {[%emt 0:00:23]} (43... Rd7 $14) 44. Re7 {[%emt 0:12:00]} h5 {[%emt 0:07:27]} 45. gxh5 {[%emt 0:04:39]} gxh5 {[%emt 0:00:06]} 46. Rcc7 {[%emt 0:00:21]} Rxa3 {[%emt 0:01:24]} 47. Rg7+ {[%emt 0:00:27]} Kf8 {[%emt 0:00:36]} 48. Rgf7+ {[%emt 0:01:15]} Kg8 {[%emt 0:00:11]} 49. Rg7+ {[%emt 0:00:06]} Kf8 {[%emt 0:00:07]} 50. Rcf7+ {[%emt 0:00:03]} Ke8 {[%emt 0:00:16]} 51. Ra7 {[%emt 0:00:07]} Kf8 {[%emt 0:00:27]} 52. Rh7 {[%emt 0:03:49]} Kg8 {[%emt 0:00:09]} 53. Rxh5 {[%emt 0:00:18]} Rf8 {[%emt 0:02:18]} 54. Rg5+ {[%emt 0:01:52]} Kh8 {[%emt 0:00:12]} 55. Rh5+ {[%emt 0:00:08]} Kg8 {[%emt 0:00:06]} 56. Rg5+ {[%emt 0:00:03]} Kh8 {[%emt 0:00:08]} 57. Rg3 {[%emt 0:00:19]} Rf4 {[%emt 0:14:40]} 58. Ra5 {[%emt 0:01:13]} Rh4 {[%emt 0:00:09]} 59. Rg4 {[%emt 0:01:49]} Rxg4+ {[%emt 0:00:23]} 60. fxg4 {[%emt 0:00:01]} Kg7 {[%emt 0:00:46]} 61. Kf2 {[%emt 0:00:43]} Kf6 {[%emt 0:02:08]} 62. Ke2 {[%emt 0:00:58]} d5 {[%emt 0:00:53]} 63. Ra8 {[%emt 0:00:56]} Rg3 {[%emt 0:01:52]} 64. Rg8 {[%emt 0:00:34]} Ra3 {[%emt 0:00:33]} 65. g5+ {[%emt 0:00:23]} Kf5 {[%emt 0:00:36]} 66. Ra8 {[%emt 0:00:58]} Kxg5 {[%emt 0:00:05]} 67. a5 {[%emt 0:00:03]} Kf6 {[%emt 0:00:17]} 68. a6 {[%emt 0:00:05]} d4 {[%emt 0:00:54]} 69. Kd2 {[%emt 0:00:33]} Kg7 {[%emt 0:00:18]} 70. Kc2 {[%emt 0:00:11]} d3+ {[%emt 0:00:30]} 71. Kd2 {[%emt 0:00:14]} Kh7 {[%emt 0:00:20]} 72. Ke3 {[%emt 0:00:50]} Kg7 {[%emt 0:00:22]} 73. Ra7+ {[%emt 0:00:06]} Kg6 {[%emt 0:01:01]} 74. Ra8 {[%emt 0:00:34]} Kg7 {[%emt 0:00:25]} 75. a7 {[%emt 0:00:19]} Kh7 {[%emt 0:00:07]} 76. Kd2 {[%emt 0:00:05]} Kg7 {[%emt 0:00:30]} 1/2-1/2

[Event "CZE-ch Open 2019"]
[Site "Ostrava"]
[Date "2019.05.05"]
[Round "9.22"]
[White "Otruba, Marek"]
[Black "Vrana, Frantisek"]
[Result "1/2-1/2"]
[WhiteElo "2103"]
[BlackElo "2267"]
[Annotator "TA"]
[PlyCount "59"]
[EventDate "2019.04.27"]
[EventType "swiss"]
[EventCountry "CZE"]
[SourceTitle "playchess.com"]
[Source "ChessBase"]
[SourceQuality "1"]

{[%evp 20,59,10,10,20,-14,37,5,56,40,58,26,41,11,9,-21,-21,-24,-26,-32,11,0,21,-35,-13,-3,47,-27,60,-100,0,0,0,0,0,0,0,0,0,0,0,0]} 1. d4 d6 2. Nf3 Nf6 3. c4 g6 4. Nc3 Bg7 5. e4 O-O 6. Be2 e5 7. d5 Nbd7 8. Bg5 h6 9. Bh4 g5 10. Bg3 Nh5 11. O-O Nf4 {E93: King's Indian: Classical: Petrosian System with 7...Nbd7} 12. Ne1 Nf6 (12... f5 $11 13. exf5 Nxe2+ 14. Qxe2 Nf6) (12... f5 13. exf5 Nxe2+ 14. Qxe2 Nf6 15. Nc2 Bxf5 16. Rad1 Bg6 17. Rd2 Nh5 18. h3 Qe7 19. Re1 Rae8 20. Ne4 Nf4 21. Qd1 h5 22. f3 Bh6 23. Ne3 Qh7 24. Qc2 Re7 25. c5 {½-½ (25) Le,Q (2534)-Volokitin,A (2678) Khanty-Mansiysk 2007}) 13. h3 $146 ({Predecessor:} 13. Nc2 Nxe4 14. Nxe4 Nxe2+ 15. Qxe2 f5 16. f3 fxe4 17. fxe4 Bd7 18. Ne3 Qe7 19. Rxf8+ Rxf8 {1-0 (35) Kots,Y-Adler,V Kiev 1962}) 13... Qd7 (13... c6 $11) 14. Rc1 a5 15. a3 a4 16. c5 dxc5 17. Bb5 Qe7 18. Bxa4 Rd8 19. Qc2 Bf8 20. Nf3 N6h5 21. Nd2 (21. Bb5 $11) 21... Ra6 (21... c6 $5) 22. Nc4 Rg6 23. Ne3 (23. Rcd1 $14) 23... Ng7 (23... c4 $11) 24. d6 $2 {[#]} (24. Bb5 $14 {stays ahead.}) 24... cxd6 ({Black should play} 24... Rdxd6 $17 25. Ncd5 Qd8) 25. Ncd5 $11 {The position is equal.} Nxd5 26. Nxd5 Qe6 27. Nc7 Qe7 28. Nd5 Qe6 29. Nc7 Qe7 30. Nd5 {Accuracy: White = 29%, Black = 35%.} 1/2-1/2

[Event "CZE-ch Open 2019"]
[Site "Ostrava"]
[Date "2019.05.05"]
[Round "9.23"]
[White "Ockay, Tomas"]
[Black "Freisler, Pavel"]
[Result "0-1"]
[WhiteElo "2131"]
[BlackElo "2245"]
[Annotator "TA"]
[PlyCount "64"]
[EventDate "2019.04.27"]
[EventType "swiss"]
[EventCountry "CZE"]
[SourceTitle "playchess.com"]
[Source "ChessBase"]
[SourceQuality "1"]

{[%evp 15,64,0,-8,-21,-17,-37,-20,-70,-60,-66,-38,-46,-32,-87,-78,-91,-47,-79,-65,-73,-26,-76,-85,-85,-75,-65,-48,-106,-100,-197,-198,-281,-293,-253,-250,-455,-352,-410,-258,-245,-239,-316,-174,-756,-244,-447,-433,-929,385,-945,-952]} 1. Nf3 c5 2. c4 Nc6 3. g3 g6 4. Bg2 Bg7 5. O-O e6 6. Nc3 Nge7 7. d3 O-O 8. Bd2 d5 9. Rb1 {A37: Symmetrical English vs ...g6: 4 Bg2 Bg7 5 Nf3} b6 10. Nb5 $146 ({Predecessor:} 10. a3 a5 11. Qc1 Ba6 12. Nb5 Bxb5 13. cxb5 Ne5 14. Bc3 Nxf3+ 15. Bxf3 a4 16. Bxg7 Kxg7 17. e4 Qd7 18. Qc3+ d4 {0-1 (45) Anton,T (2437)-Lupulescu,C (2612) Baile Olanesti 2013}) 10... Bb7 11. a4 {The position is equal.} a6 12. Na3 a5 13. cxd5 exd5 14. Bc3 ({White should play} 14. Nb5 $15) 14... d4 $1 $17 {[%cal Rd4c3]} 15. Bd2 Nd5 16. Nc4 Re8 17. Ng5 {Threatens to win with Bxd5.} Ncb4 18. Ne4 Bc6 19. Ra1 h6 20. Qb3 Re6 21. Rfe1 ({Better is} 21. e3 $15) 21... Kh7 22. h4 (22. e3 $17) 22... f5 $19 23. Bh3 (23. Rac1 $142) 23... Qe7 24. Bxb4 axb4 ({Don't play} 24... cxb4 25. Ned2 $17) 25. Qc2 $2 (25. Ned2) 25... Re8 26. Ned2 Rxe2 27. Rxe2 Qxe2 28. Bf1 Qg4 (28... Qe6 $142 {Hoping for ...f4.} 29. Bh3 Nc3 $1 {[%mdl 512]}) 29. Bg2 $2 {[#]} (29. Qd1) 29... f4 $2 (29... Nf4 $1 {[%mdl 512]} 30. Bxc6 {[#]} (30. gxf4 Qxg2#) 30... Re2 $1 {[%mdl 512]}) 30. Bf3 $2 (30. Qd1 Qe6 31. Qf3) 30... Qh3 31. Bg2 {[#]} (31. Ne4 $142 fxg3 32. fxg3) 31... Qxg2+ $1 {[%mdl 576] Decoy} 32. Kxg2 Ne3+ $1 {[%mdl 64] Double Attack, Discovered Attack (Double check). Accuracy: White = 19%, Black = 51%.} 0-1

[Event "CZE-ch Open 2019"]
[Site "Ostrava"]
[Date "2019.05.05"]
[Round "9.24"]
[White "Bulockin, Martin"]
[Black "Jun, Rudolf Jr."]
[Result "1/2-1/2"]
[WhiteElo "2199"]
[BlackElo "2138"]
[Annotator "TA"]
[PlyCount "87"]
[EventDate "2019.04.27"]
[EventType "swiss"]
[EventCountry "CZE"]
[SourceTitle "playchess.com"]
[Source "ChessBase"]
[SourceQuality "1"]

{[%evp 9,87,1,8,-16,0,0,0,0,20,0,0,0,6,4,0,0,0,0,0,-11,0,0,41,42,51,54,66,66,66,66,66,62,68,82,69,70,72,5,26,26,33,30,31,28,50,48,102,44,131,39,29,39,187,174,218,102,121,123,151,49,44,46,38,14,21,0,6,4,12,0,19,21,33,34,104,0,0,0,0,0]} 1. d4 Nf6 2. Bf4 g6 3. Nc3 d5 4. e3 c6 (4... Bg7 5. h4 c6 6. Be2 h5 7. Nf3 Bg4 8. Ne5 Bxe2 9. Qxe2 Nbd7 10. O-O-O Rc8 11. f3 {0-1 (60) Nabaty,T (2692)-Rodshtein,M (2674) Czech Republic 2019}) 5. Bd3 Bg7 6. h4 {A45: Trompowsky Attack} h5 7. Nf3 Nbd7 8. Qd2 O-O 9. Ne5 $146 ({Predecessor:} 9. O-O Re8 10. Ne5 Nxe5 11. Bxe5 {0-1 (61) Hay,J (1772)-Zhang,H (1979) Quebec 2018}) 9... Nxe5 10. Bxe5 Ng4 11. Bxg7 Kxg7 12. f3 Nf6 13. O-O-O Qd6 14. Rdg1 e5 15. g4 exd4 16. exd4 Bd7 17. Ne2 Rh8 {[%cal Rh5g4]} 18. g5 Ng8 19. f4 Ne7 20. Ng3 Rae8 21. Re1 c5 22. dxc5 Qxc5 23. Rhf1 (23. Re5 $16) 23... Nf5 (23... Nc6 {feels hotter.} 24. c3 Bh3 25. Rh1 Bg4 26. Bc2 d4) 24. Bxf5 Bxf5 25. Nxf5+ gxf5 26. Re5 Rxe5 27. fxe5 $11 {[%mdl 4096] Endgame KQR-KQR} Qc4 ({Black should try} 27... Kg6 $14) 28. Rf4 ({White should play} 28. Qf2 $16 f4 29. b3 (29. Qxf4 Qxf4+ 30. Rxf4 Re8 $16)) 28... Qc5 (28... Qxa2 $14 29. Qd3 Qa6) 29. b4 (29. Qd3 $16) 29... Qg1+ 30. Kb2 Rc8 ({Better is} 30... Re8 $1 $14) 31. Rxf5 $18 Qg3 32. Rf4 (32. a3 $18 {has better winning chances.} Rc7 33. e6 fxe6 34. Qd4+ Kh7 35. Rf4 (35. Rf8 e5 $11)) 32... Kg8 33. a3 b5 34. Rd4 (34. g6 $16 Qxg6 35. c3) 34... Qxe5 $14 35. c3 Rd8 $1 36. Kb3 Qf5 37. Kb2 a6 38. Qe2 Rc8 39. Qd2 Qh3 40. Rxd5 {Strongly threatening Rd6.} Qxh4 41. Rd6 {Black must now prevent g6.} Qg4 {[#]} (41... Qe4 $1 $14) 42. Rd4 ({Much weaker is} 42. Rxa6 $6 Re8 $11) (42. g6 $1 $16 {[%cal Rg6f7]} Re8 43. gxf7+ (43. Rxa6 $2 Re2 $19) 43... Kxf7 44. Qd5+ (44. Rxa6 $2 Re2 $19) 44... Re6 45. Rc6) 42... Qg3 $11 43. Rd3 Qg4 44. Rd4 {Accuracy: White = 49%, Black = 41%.} 1/2-1/2

[Event "CZE-ch Open 2019"]
[Site "Ostrava"]
[Date "2019.05.05"]
[Round "9.25"]
[White "Malinovsky, Petr"]
[Black "Svanda, Ondrej"]
[Result "1/2-1/2"]
[WhiteElo "2003"]
[BlackElo "2309"]
[Annotator "TA"]
[PlyCount "80"]
[EventDate "2019.04.27"]
[EventType "swiss"]
[EventCountry "CZE"]
[SourceTitle "playchess.com"]
[Source "ChessBase"]
[SourceQuality "1"]

{[%evp 18,80,21,19,19,13,35,22,12,16,47,51,60,47,73,41,60,58,98,85,109,71,85,18,20,12,22,23,15,20,22,-11,6,6,9,0,0,0,0,-6,0,-12,0,0,0,0,0,0,0,0,0,-18,0,0,0,0,0,0,0,0,0,0,0,0,0]} 1. d4 Nf6 2. c4 e6 3. Nc3 Bb4 4. e3 b6 5. Nge2 Ba6 6. Ng3 Bxc3+ 7. bxc3 d5 8. Ba3 Bxc4 9. Bxc4 dxc4 10. Qa4+ Qd7 {E45: Nimzo-Indian: Rubinstein: 4...b6 5 Ne2 Ba6} 11. Qxc4 Qc6 12. Qxc6+ $1 Nxc6 13. c4 O-O-O 14. f3 Rd7 15. Kf2 Rhd8 16. Rhc1 Kb7 17. Rab1 $146 ({Predecessor:} 17. Ne2 Nh5 18. g4 {1-0 (36) Gerola,G (2498)-Tricomi,M (2374) ICCF email 2011}) 17... Nb8 18. Ne2 c6 19. Bb4 Na6 20. Bc3 (20. Be1 $16) 20... c5 $11 21. a4 {[%cal Ba2a4,Ba4a5][%mdl 32]} Rc8 22. a5 cxd4 23. Bxd4 {[%cal Ra5b6] The position is equal.} Nc5 24. Rc2 e5 25. Bxc5 Rxc5 26. axb6 axb6 27. Rcb2 Rd6 28. Rb5 {[#] And now Rxc5 would win.} Rxb5 29. cxb5 {[%mdl 4096] Endgame KRN-KRN} Rd2 30. e4 Ne8 31. Ke3 Rc2 32. Kd3 Ra2 33. h4 Nc7 34. f4 Ra3+ 35. Nc3 exf4 36. Kc4 Ne6 37. Rd1 {[#] Threatens to win with Rd7+.} Nc5 38. Rf1 Ne6 39. Rd1 {Hoping for Rd7+.} Nc5 40. Rf1 Ne6 {Accuracy: White = 77%, Black = 37%.} 1/2-1/2